| 000 | 02637cam a22006134i 4500 | ||
|---|---|---|---|
| 003 | PE-LiUPU | ||
| 005 | 20250731170448.0 | ||
| 008 | 150706s2003 sp r 000 0 spa d | ||
| 020 | _a8474328721 | ||
| 020 | _a9788474328721 | ||
| 035 | _a(Sirsi) i9788474328721 | ||
| 040 |
_aPE-LiUPU _bspa _cPE-LiUPU _dPE-LiUPU _erda |
||
| 049 | _aPRUA | ||
| 082 | 0 | 4 |
_a159.922 _bR _221 |
| 245 | 0 | 0 |
_aRepresentaciones sociales : _bproblemas teóricos y conocimientos infantiles / _cCompilador, José Antonio Castorina. |
| 264 | 1 |
_aBarcelona : _bGedisa, _c2003. |
|
| 300 |
_a205 páginas ; _c23 centímetros. |
||
| 336 |
_atext _2rdacontent |
||
| 337 |
_aunmediated _2rdamedia |
||
| 338 |
_avolume _2rdacarrier |
||
| 490 | 0 |
_aBiblioteca de educación. Psicología cognitiva, cultura y educación ; _v4 |
|
| 504 | _aIncluye bibliografía. | ||
| 505 | 0 | _aLas representaciones sociales: problemas teóricos y desafíos educativos.-Las representaciones sociales como una perspectiva de la psicología social.-Un análisis semiótico del desarrollo de las representaciones social de género.-Las relacione sociales -- La conciencia social y su historia -- La presentación de las representaciones sociales: diálogo con Serge Moscovici -- De las representaciones colectivas a las representaciones sociales: ida y vuelta -- La representación social y la ontología del mundo social: el aporte de otra significación para el diálogo. | |
| 526 | _aSEG68 | ||
| 526 | _aSEG70 | ||
| 526 | _aSEG69 | ||
| 526 | _aSEG67 | ||
| 526 | _aSEG43 | ||
| 526 | _aP144 | ||
| 526 | _aP143 | ||
| 526 | _aP131 | ||
| 526 | _aP122 | ||
| 526 | _aP120 | ||
| 526 | _aP117 | ||
| 526 | _aP112 | ||
| 526 | _aP110 | ||
| 526 | _aP106 | ||
| 526 | _aP101 | ||
| 526 | _aP80 | ||
| 526 | _aP59 | ||
| 526 | _aP54 | ||
| 526 | _aP35 | ||
| 526 | _aP33 | ||
| 526 | _aP30 | ||
| 541 | _g007-0825527; | ||
| 650 | 0 | 4 | _aPercepción social en niños. |
| 700 | 1 |
_aCastorina, José Antonio, _ecompilador. |
|
| 910 |
_bjv _cng _d20100224 |
||
| 942 |
_2ddc _cBOOK |
||
| 949 |
_aPGE 159.922 R _wDEWEY _c1 _i61199 _lCCODEBUL1 _mBUL _p22.00 _r0 _sY _tBOOK _u2015-7-6 _xEDUCACION _PP57 _0COMPRA _o.CIRCNOTE. No olvidar cambiar la fecha de devolución!!!!!!! _o.STAFF. Colección Ciencias de la Salud |
||
| 994 |
_aC0 _bPEPRU |
||
| 596 | _a1 | ||
| 999 |
_aPGE 159.922 R _wDEWEY _c50472 _i61199 _f2021-11-3 _g5 _lCCODEBUL1 _mBUL _p22.00 _r0 _sY _tBOOK _u2015-7-6 _xSALUD _zUNKNOWN _0COMPRA _o.CIRCNOTE. No olvidar cambiar la fecha de devolución!!!!!!! _o.STAFF. Colección Ciencias de la Salud _d50472 |
||
| 980 |
_81 _gALBERTO SANCHEZ Responsable de Automatización |
||